| 000 | 01772nam0a2200409 4500 | ||
|---|---|---|---|
| 001 | RU\NLR\BIBL_A\011797218 | ||
| 005 | 20181018152304.0 | ||
| 010 |
_a978-5-227-08191-9 _93000 |
||
| 021 |
_aRU _bКН-П-18-061109 _9КН-П-18-4394 |
||
| 035 | _a(NLR Aleph) 011797218 | ||
| 035 | _a(RuMoRGB)009723719 | ||
| 090 |
_a11853083 _c11853083 |
||
| 100 | _a20180921d2018 e y0rusy50 ca | ||
| 101 | 0 | _arus | |
| 102 | _aRU | ||
| 105 | _aa z 0 y | ||
| 200 | 1 |
_a100 рецептов при остеохондрозе и отложении солей _eвкусно, полезно, душевно, целебно _fИрина Вечерская |
|
| 210 |
_aМосква _cЦентрполиграф _d2018 |
||
| 215 |
_a157, [2] с. _cил. _d17 |
||
| 225 | 1 | _aДушевная кулинария | |
| 333 | _a16+ | ||
| 517 | 1 | _aСто рецептов при остеоходрозе и отложении солей | |
| 606 | 1 |
_aДиетические блюда _xРецептура _2nlr_sh1 _2nlr_sh2 _3RU\NLR\AUTH\661256754 |
|
| 606 | 1 |
_aОстеохондроз позвоночника _xЛечебное питание _2nlr_sh2 _3RU\NLR\AUTH\6601642802 |
|
| 606 | 1 |
_aПодагра _xЛечебное питание _2nlr_sh1 _2nlr_sh2 _3RU\NLR\AUTH\66862539 |
|
| 610 | 0 | _aлечебное питание при остеохондрозе | |
| 610 | 0 | _aлечебное питание при подагре | |
| 610 | 0 | _aлечебное питание при при спондилезе | |
| 686 | 1 | _aЛ996.5 | |
| 686 | 1 | _aР458.250.401-51 | |
| 686 | 1 | _aР415.202.4-51 | |
| 700 | 1 |
_aВечерская _bИ. С. _gИрина С. |
|
| 942 | _cBOOK | ||
| 980 | _aNBR | ||
| 980 | _aNB | ||